000 01643nam a2200385 a 4500
005 20240515094240.0
008 s2011||||sp a f |||| 001 0 spa d
020 _a9789500602754
041 _aspa
092 _c575.1
_l67
_sPIE
100 1 _aPierce, Benjamin A.
_9604
245 _aFundamentos de Genética.
_bConceptos y relaciones /
_cBenjamin A. Pierce.
250 _a1a ed.
_bTraducción Diana Silvia Klajn.
260 _aBuenos Aires:
_bEditorial Médica Panamericana;
_c2011.
300 _a458 p.
_bil.
500 _aPierce. B. A. (2011). Fundamentos de genética. Conceptos y relaciones. (1a ed.). Buenos Aires : Editorial Médica Panamericana.
653 _aIntroducción a la genética
653 _aCromosomas y reproducción celular
653 _aPrincipios básicos de la herencia
653 _aExtensiones y modificaciones de los principios básicos
653 _aLigamento, recombinación y mapeo de los genes eucariotes
653 _aSistemas genéticos bacterianos y virales
653 _aVariación cromosómica
653 _aDNA: la naturaleza química del gen
653 _aReplicación y recombinación del DNA
653 _aDel DNA a las proteínas: transcripción y procesamiento del RNA
653 _aDel DNA a las proteínas: la traducción
653 _aControl de la expresión génica
653 _aLa mutaciones génicas, los elementos transponibles y la reparación del DNA
653 _aAnálisis genético molecular,biotecnología y genómica
653 _aGenética del cáncer
653 _aGenética cuantitativa
653 _aGenética poblacional y evolutiva
942 _2ddc
_cBK
999 _c1111
_d1111